000 00421cam a22001217a 4500
008 180718b2000 xxu||||| |||| 00| 0 eng d
100 _aDjankov, Simeon
245 _aDisintegration and trade flows: evidence from the former Sviet Union
_cby Simeon Djankov and Caroline Freund
260 _aWashington, D.C.
_bWorld Bank
_c2000
300 _a28p.
440 _aPolicy research working paper 2378
700 _aFreund, Caroline
999 _c283332
_d283332